Qual' è lo statuto dell'enunciazione nella creazione artistica? la risposta mitologica di Jorg Immendorff (Record n. 78262)
[ formato base ]
| 000 -LEADER | |
|---|---|
| fixed length control field | 01550nam a2200289Ia 4500 |
| 001 - CONTROL NUMBER | |
| control field | H5674 |
| 003 - CONTROL NUMBER IDENTIFIER | |
| control field | IT-RoPAU |
| 008 - FIXED-LENGTH DATA ELEMENTS--GENERAL INFORMATION | |
| fixed length control field | 130308s9999 xx 000 0 und d |
| 040 ## - CATALOGING SOURCE | |
| Original cataloging agency | IT-RoPAU |
| 040 ## - CATALOGING SOURCE | |
| Transcribing agency | IT-RoPAU |
| 041 ## - LANGUAGE CODE | |
| Language code of text/sound track or separate title | ITALIANO |
| 100 ## - MAIN ENTRY--PERSONAL NAME | |
| Personal name | Floch Jean-Marie |
| 100 ## - MAIN ENTRY--PERSONAL NAME | |
| Miscellaneous information | Codice Aut. SPICS: 6587 |
| 245 ## - TITLE STATEMENT | |
| Title | Qual' è lo statuto dell'enunciazione nella creazione artistica? la risposta mitologica di Jorg Immendorff |
| 245 ## - TITLE STATEMENT | |
| Remainder of title | Semiotiche della Pittura. I Classici. Le Ricerche |
| 250 ## - EDITION STATEMENT | |
| Edition statement | 1a ed. |
| 260 ## - PUBLICATION, DISTRIBUTION, ETC. (IMPRINT) | |
| Place of publication, distribution, etc. | ROMA |
| 260 ## - PUBLICATION, DISTRIBUTION, ETC. (IMPRINT) | |
| Name of publisher, distributor, etc. | Meltemi |
| 260 ## - PUBLICATION, DISTRIBUTION, ETC. (IMPRINT) | |
| Date of publication, distribution, etc. | 2004 [1° Ed.:2004 - Ed.Ling.Originale:2004] |
| 300 ## - PHYSICAL DESCRIPTION | |
| Extent | "16 p. (prefazione: no ; testo: 16 [pagine: 237-252])" |
| 500 ## - GENERAL NOTE | |
| General note | Universo pittorico di Immendorff. Approccio Iconologico. figure Ricorrenti. Semiotica: 1 Scienza Empirica. 1 Percorso Ipotetico Deduttivo. Semiotica visiva Come Disciplina della Forma. Senso e Valore della Creazione Artistica. figure Spaziali. Assemblaggio del Bricoleur. motivo della Candela. strutture Profonde. Elaborazione di 1 Discorso Secondo. pittore e gli scenari Diproduzione. Rapporto tra Creazione Artistica e Storia. Creazione Artisticacome bricolage Mitico. Riutilizzi dei Materiali Previncolati della Storia.Materiali Segni. Momenti neri e Grandi protagonisti della Storia. 1 Risposta mitologica e 1 domanda Ideologica. Nuova Concezione Dello Spazio. ruolo della Luce. concezioni Artistiche e forme Plastiche. |
| 650 ## - SUBJECT ADDED ENTRY--TOPICAL TERM | |
| Topical term or geographic name as entry element | SEMIOLOGIA |
| 650 ## - SUBJECT ADDED ENTRY--TOPICAL TERM | |
| Relator term | Codice materia Spics: 3251 |
| 942 ## - ADDED ENTRY ELEMENTS (KOHA) | |
| Koha item type | LIBRO |
| 957 ## - | |
| -- | 1 |
| 999 ## - SYSTEM CONTROL NUMBERS (KOHA) | |
| -- | 1 |
| Withdrawn status | Lost status | Damaged status | Not for loan | Home library | Current library | Date acquired | Total Checkouts | Full call number | Date last seen | Price effective from | Koha item type | Public note |
|---|---|---|---|---|---|---|---|---|---|---|---|---|
| Buone Condizioni | Not For Loan | SPICS-MEDIATECA | SPICS-MEDIATECA | 08/03/2013 | H5674 | 08/03/2013 | 08/03/2013 | LIBRO | Progressivo inserimento: 5712 / N. Volumi: 0 [=Contributo] Copie: 1 / data import: 1 marzo 2013 - By Epidotti, Trombetti, Vaglietti. |